|
|
|
|
| LEADER |
00000nab a2200000 a 4500 |
| 001 |
vtls000784839 |
| 003 |
SK-MaSNL |
| 005 |
20260302154950.0 |
| 008 |
160321c2002 xo 0 slo |
| 015 |
|
|
|a SNBRB2002/02-07184
|
| 035 |
|
|
|a CLN000136510
|
| 040 |
|
|
|a SNKBUCL
|b slo
|c SNKBUCL
|e AACR2
|
| 041 |
0 |
|
|a slo
|
| 044 |
|
|
|a xo
|c SK
|
| 080 |
|
|
|a 301-051
|2 UDC-MRF-SK2
|
| 080 |
|
|
|a 929 Bourdieu, Pierre
|2 UDC-MRF-SK2
|
| 100 |
1 |
|
|a Muránsky, Martin,
|d 1966-
|4 aut
|9 91105
|
| 245 |
1 |
0 |
|a Sociológ súmraku globalizácie
|c Martin Muránsky
|
| 600 |
1 |
7 |
|a Bourdieu, Pierre,
|d 1930-2002
|2 snkbucl
|9 111274
|
| 655 |
|
7 |
|a články z novín a časopisov
|2 snkbucl
|9 267496
|
| 773 |
0 |
|
|x 1335 468X
|t Slovo. Politicko-spoločenský týždenník
|g Roč. 4, č. 8 (2002), s. 16
|
| 850 |
|
|
|a Slovenská národná knižnica v Martine
|
| 852 |
|
|
|a SNK
|b KIS3GCP
|
| 958 |
|
|
|a FR
|
| 958 |
|
|
|a BC
|
| 958 |
|
|
|a RBX
|
| 999 |
|
|
|c 1369941
|d 1371871
|